| 000 | 00852nas a2200265 4500 | ||
|---|---|---|---|
| 001 | BR2010000554 | ||
| 003 | BR-BrBNA | ||
| 005 | 20231205113908.0 | ||
| 007 | ta | ||
| 008 | 230509b bl.|||p| |||| 00| 00por d | ||
| 040 |
_aBR-BrBNA _bpor _cBiblioteca Nacional de Agricultura |
||
| 041 | _a(Pt) | ||
| 072 | _aL72 | ||
| 100 | 1 | _aNery, P.S. | |
| 100 | 1 | _aDuarte, E.R. | |
| 100 | 1 | _aMartins, E.R. | |
| 245 | 1 | _aEficácia de plantas para o controle de nematóides gastrintestinais de pequenos ruminantes: revisão de estudos publicados | |
| 650 | _aRUMINANTE | ||
| 650 | _aANTI-HELMINTICO | ||
| 650 | _aPLANTA MEDICINAL | ||
| 650 | _aNEMATOIDE | ||
| 773 | 0 |
_tRevista Brasileira de Plantas Medicinais (Brazil) _xISSN 1516-0672 _g(Aug 2009), v. 11(3) p. 330-338 _wBR2010000554 |
|
| 909 |
_a202311 _bLúcia _c55 _dLúcia Elande |
||
| 942 |
_2AGRIS _n0 _cANA |
||
| 999 |
_c206159 _d206159 |
||